000
00317nam a22001337a 4500
008
180208b xxu||||| |||| 00| 0 eng d
020
_a
9781428352933
041
_a
eng
080
_a
371
100
_a
46
101
_a
EDU
245
_a
Safety, Nutrition and Health in Early Education
_c
Roberts, C
942
_2
udc
_c
BK
999
_c
42068
_d
42068